000
00325nam a2200145Ia 4500
999
_c
14164
_d
14164
003
OSt
005
20260326130611.0
008
260210s9999 xx 000 0 und d
020
_a
9781610917278
100
_a
Jaime Lerner
245
0
_a
Urban Acupuncture
260
_b
Island Press
260
_c
2016
942
_c
BPLAN
_2
ddc